| 000 | 01595cam a22003257a 4500 | ||
|---|---|---|---|
| 001 | 2646 | ||
| 005 | 20240108133300.0 | ||
| 020 | _a9780545405751 | ||
| 020 | _a0545405750 | ||
| 040 |
_aBTCTA _beng _cBTCTA _dBDX _dBKX _dMUS _dOCLCO _dDLC |
||
| 050 | 0 | 0 |
_aQC16.E5 _bN67 2012 |
| 082 | 0 | 4 |
_a530/.092 _aB _223 |
| 100 | 1 | _aNorwich, Grace | |
| 245 | 1 | 0 |
_aI am Albert Einstein / _cby Grace Norwich ; illustrated by Ute Simon |
| 246 | 3 | 0 | _aAlbert Einstein |
| 250 | _aFirst printing, August 2012 | ||
| 260 |
_aNew York : _bScholastic, _c2012 |
||
| 300 |
_a112 p. : _bill., map ; _c19 cm. |
||
| 505 | _aZ | ||
| 520 | _aA brand-new biography series featuring some of the most important people from history and today. I am one of the most gifted minds that ever lived. I am a Nobel Prize-winning physicist. I was expelled from school as a young child. I am Albert Einstein. Learn all about this brilliant man, whose accomplishments are truly remarkable in the debut of Scholastic's new biography series: I Am. The series will feature full-color illustrated covers, one-color illustrations throughout, a timeline, an introduction to the people you'll meet in the book, maps, sidebars, and a top ten list of important things to know at the end of every book. | ||
| 521 |
_a1050 _bLexile |
||
| 521 |
_aZ _bRaz-Plus |
||
| 650 | 0 |
_aPhysicists _vBiography _vJuvenile literature. |
|
| 650 | 0 |
_aJews _vBiography _vJuvenile literature. |
|
| 650 | 1 | _aPhysicists. | |
| 650 | 1 |
_aJews _vBiography. |
|
| 700 | 1 |
_aSimon, Ute _eillustrator |
|
| 906 |
_a7 _bcbc _ccopycat _d2 _encip _f20 _gy-gencatlg |
||
| 942 |
_2ddc _cBK _n0 |
||
| 999 |
_c2646 _d2646 |
||